[Event "SA-2013-0-00387"]
[Site "LSS email"]
[Date "2014.01.04"]
[Round "?"]
[White "Mondino, Victor Nilo"]
[Black "Tsiotridis, Panagiotis"]
[Result "1-0"]
[WhiteElo "2148"]
[BlackElo "2045"]
[PlyCount "119"]
[EventDate "2013.12.14"]
[EventType "tourn (corr)"]
[EventRounds "6"]
[EventCountry "GER"]
[SourceTitle "Telechess CBM 167"]
[Source "ChessBase"]
[SourceDate "2015.07.13"]
[SourceVersion "1"]
[SourceVersionDate "2015.07.13"]
[SourceQuality "1"]

1. e4 e6 2. Nc3 d5 3. d4 Bb4 4. e5 Qd7 5. Bd2 b6 6. Bb5 Nc6 7. Nf3 Bb7 8. 0-0 Nge7 9. a3 Bxc3 10. Bxc3 h6 11. Qe2 a6 12. Bd3 Nb8 13. Bd2 c5 14. c3 a5 15. Be3 c4 16. Bc2 a4 17. Nh4 Nbc6 18. Qd1 b5 19. Qg4 g6 20. h3 Na5 21. Rae1 Nb3 22. Qf4 0-0-0 23. Nf3 Kb8 24. Nh2 Ka7 25. Ng4 Ng8 26. Nh2 Ne7 27. Ng4 Ng8 28. Re2 Kb6 29. Qg3 Rc8 30. Rd1 Ba8 31. h4 Bc6 32. Qh3 h5 33. Nh2 Ne7 34. Nf3 Bb7 35. Bg5 Nf5 36. Bf6 Rhg8 37. Bxf5 gxf5 38. Ng5 Rg6 39. Qf3 Rh6 40. Nh3 Ka7 41. Nf4 Rh7 42. Nxh5 Nc5 43. dxc5 d4 44. c6 Bxc6 45. Qg3 Rxh5 46. Rxd4 Bd5 47. Qf3 Rh7 48. Qe3 Ka6 49. Qg5 Qe8 50. Red2 Qd7 51. h5 Re8 52. h6 Kb7 53. Rd1 Qc6 54. Bg7 Qd7 55. f3 Kb8 56. Kf2 Rc8 57. g4 fxg4 58. fxg4 Qc6 59. Kg3 Qd7 60. Rf1 1-0

[Event "SA-2013-0-00387"]
[Site "LSS email"]
[Date "2014.01.04"]
[Round "?"]
[White "Sorcinelli, Andrea"]
[Black "Tsiotridis, Panagiotis"]
[Result "1/2-1/2"]
[WhiteElo "2070"]
[BlackElo "2045"]
[PlyCount "41"]
[EventDate "2013.12.14"]
[EventType "tourn (corr)"]
[EventRounds "6"]
[EventCountry "GER"]
[SourceTitle "Telechess CBM 167"]
[Source "ChessBase"]
[SourceDate "2015.07.13"]
[SourceVersion "1"]
[SourceVersionDate "2015.07.13"]
[SourceQuality "1"]

1. e4 e6 2. d4 d5 3. Nc3 Bb4 4. e5 Qd7 5. a3 Bf8 6. Bd3 b6 7. Nf3 Nc6 8. b4 Bb7 9. 0-0 Nge7 10. Ne2 h6 11. c3 g6 12. Ng3 Bg7 13. Bd2 a5 14. b5 Na7 15. a4 0-0-0 16. Ne2 Kb8 17. Re1 Nac8 18. Nf4 Bf8 19. h3 Ng8 20. Rb1 Nge7 21. Nh4 1/2-1/2

[Event "SA-2013-0-00337"]
[Site "LSS email"]
[Date "2013.03.19"]
[Round "?"]
[White "Morcin, Tom"]
[Black "Tsiotridis, Panagiotis"]
[Result "1/2-1/2"]
[WhiteElo "2073"]
[BlackElo "2050"]
[PlyCount "122"]
[EventDate "2013.02.25"]
[EventType "tourn (corr)"]
[EventRounds "6"]
[EventCountry "GER"]
[SourceTitle "Telechess CBM 167"]
[Source "ChessBase"]
[SourceDate "2015.07.13"]
[SourceVersion "1"]
[SourceVersionDate "2015.07.13"]
[SourceQuality "1"]

1. e4 e6 2. d4 d5 3. e5 c5 4. c3 Nc6 5. Nf3 Qb6 6. a3 c4 7. Nbd2 Na5 8. Be2 Bd7 9. 0-0 f6 10. Rb1 Ne7 11. b4 cxb3 12. exf6 gxf6 13. Nxb3 Ng6 14. Nfd2 Nxb3 15. Nxb3 Qc7 16. Nc5 Bxc5 17. dxc5 Bc6 18. Bg4 f5 19. Bh5 0-0-0 20. f4 Rhg8 21. Qd4 Kb8 22. Be3 Ka8 23. g3 Qe7 24. Rf2 Nf8 25. Qb4 Qh4 26. Bf3 Nd7 27. a4 h5 28. a5 a6 29. Qd4 Qh3 30. Rfb2 Nb8 31. Qf6 h4 32. Bg2 Qg4 33. Qxh4 Qxh4 34. gxh4 Rg4 35. Bd4 Re8 36. h5 Rh4 37. Re2 Rxh5 38. Rbe1 Rh6 39. Re3 Rg6 40. Kf2 Reg8 41. Bf3 Rh6 42. Rh1 Be8 43. h4 Nc6 44. h5 Kb8 45. Rxe6 Rxe6 46. Bxd5 Rh6 47. Bxg8 Rxh5 48. Rxh5 Bxh5 49. Be6 Kc7 50. Be5+ Kd8 51. Bxf5 Bf7 52. Be4 Nxa5 53. f5 Nc6 54. Bf6+ Ke8 55. Bc2 Bd5 56. Ke3 Kf8 57. Kf4 Kf7 58. Bg5 a5 59. Bh4 Kg7 60. Bg3 Kf6 61. Bd1 Bc4 1/2-1/2

[Event "OP-2013-0-02581"]
[Site "LSS email"]
[Date "2013.01.12"]
[Round "?"]
[White "Tsiotridis, Panagiotis"]
[Black "Pepermans, Toon"]
[Result "0-1"]
[WhiteElo "2040"]
[BlackElo "2355"]
[PlyCount "150"]
[EventDate "2013.01.06"]
[EventType "tourn (corr)"]
[EventRounds "4"]
[EventCountry "GER"]
[SourceTitle "Telechess CBM 159"]
[Source "ChessBase"]
[SourceDate "2014.03.17"]
[SourceVersion "1"]
[SourceVersionDate "2014.03.17"]
[SourceQuality "1"]

1. Nf3 d5 2. c4 d4 3. g3 Nc6 4. Bg2 e5 5. d3 Nf6 6. 0-0 Bd6 7. Na3 0-0 8. Nc2 Re8 9. a3 a5 10. b3 h6 11. Rb1 Bg4 12. b4 axb4 13. axb4 Qd7 14. b5 Na5 15. e3 c5 16. bxc6 bxc6 17. Qd2 c5 18. exd4 cxd4 19. Re1 Nc6 20. Rb5 Qc7 21. Bb2 Bd7 22. c5 Bf8 23. Na3 Nd5 24. Rc1 Nce7 25. Rb3 Ba4 26. Rb6 Nxb6 27. cxb6 Qb8 28. Nc4 Nc6 29. Ra1 Bc5 30. Qc1 Bxb6 31. Nh4 Re6 32. Bd5 Bc7 33. Bxe6 fxe6 34. Nf3 Qf8 35. Nh4 Qe8 36. Nf3 Bb5 37. Rxa8 Qxa8 38. Qc2 Qa6 39. Qb3 Kf7 40. Nfd2 Na5 41. Nxa5 Qxa5 42. Qc2 Bd8 43. Nf3 Ba6 44. h4 Be7 45. h5 Bb7 46. Nd2 Bg5 47. Ne4 Bxe4 48. dxe4 Qb4 49. Kf1 Qb7 50. Ke2 Kg8 51. Kf3 Kh7 52. Ba3 Qa6 53. Bb4 d3 54. Qb3 Qb5 55. Qxe6 Qxb4 56. Qg6+ Kg8 57. Qe6+ Kf8 58. Qc8+ Kf7 59. Qd7+ Be7 60. Qxd3 Qa3 61. Qxa3 Bxa3 62. Kg4 Ke6 63. Kh4 Bc5 64. f3 Bf2 65. Kg4 Be1 66. f4 Kd6 67. Kf3 exf4 68. gxf4 Kc5 69. Kg4 Kd4 70. Kf5 Ke3 71. Kg6 Bc3 72. Kf5 Kf3 73. e5 Bd4 74. Kg6 Kxf4 75. Kxg7 Kg5 0-1

[Event "OP-2013-0-02581"]
[Site "LSS email"]
[Date "2013.01.11"]
[Round "?"]
[White "Raines, David T"]
[Black "Tsiotridis, Panagiotis"]
[Result "0-1"]
[WhiteElo "999"]
[BlackElo "2040"]
[PlyCount "38"]
[EventDate "2013.01.06"]
[EventType "tourn (corr)"]
[EventRounds "4"]
[EventCountry "GER"]
[SourceTitle "Corr 2015"]
[Source "ChessBase"]
[SourceDate "2015.07.17"]
[SourceVersion "1"]
[SourceVersionDate "2015.07.17"]
[SourceQuality "1"]

1. Nf3 Nf6 2. c4 d6 3. d4 Nbd7 4. Nc3 e5 5. e4 Be7 6. Be2 0-0 7. Bg5 c6 8. Qd2 Re8 9. 0-0-0 a6 10. Bxf6 Nxf6 11. h4 Qc7 12. Kb1 b5 13. dxe5 dxe5 14. Rdg1 b4 15. Nd1 Nxe4 16. Qe3 Bf5 17. Ka1 Nc5 18. g4 Bc2 19. h5 Nb3+ 0-1